000 00666nam a2200205Ia 4500
005 20260415160358.0
008 008 250505s9999 xx 000 0 eng d
037 _aTextBook
040 _aFEDL
_beng
_cFEDL
041 _aeng
_2eng
084 _a370 MSU
_qFEDL
100 _aGoal D R Co.
_9783804
245 0 _aPerspectives in education
245 0 _cCentre Of Advanced Study In Education. Faculty of Education and Psychology The M.S. University of Baroda
260 _aVadodara, India
_bCentre of Advanced Study in Education
_c2002
300 _a304p
650 _aEducation
942 _cTB
_h370 MSU
999 _c1400289
_d1400289